000 00684nam a22002177a 4500
003 0
005 20250507123800.0
008 250507b xxu||||| |||| 00| 0 eng d
020 _a9786214271566
050 _aHF 5438.25
_b.Se487 2023
100 _aSerrano, Angelita Ong Camilar
245 _aProfessional salesmanship
_cDr. Angelita Ong Camilar Serrano
260 _aManila
_bUnlimited Books Library Services & Publishing Inc.
_cc2023
300 _ax, 296 pages ;
_c26cm.
504 _aIncludes bibliographical references.
650 _aSalesmanship.
650 _aSelling.
650 _aSales personnel—Training of.
650 _aCustomer relations.
942 _2lcc
_cBK
999 _c367470
_d367470